ポケモンのタマゴグループ - Statistics

General Stats
  • This quiz has been taken 151 times
  • The average score is 9 of 14
Answer Stats
Answer % Correct
陸上
72%
水中1
68%
水中2
68%
未発見
67%
不定形
66%
人型
64%
植物
63%
怪獣
63%
水中3
59%
56%
妖精
56%
鉱物
54%
飛行
53%
ドラゴン
53%
No matching quizzes found
Score Distribution
Percent of People with Each Score
Percentile by Number Answered
Your Score History
You have not taken this quiz